000 03607nam a2200253 4500
003 DO-SdBJH
005 20260611203628.0
008 260525b2025 |||ad||| |||| 00| 0 spa d
040 _aDO-SdBJH
_bspa
_cDO-SdBJH
041 0 _aspa
090 _aCT E-CEMFT 0009
_bEGEMERD 2025
100 1 _aMercedes Valera, Ignacio Emir
_esustentante
245 1 0 _aPropuesta para la creacion de una escuela de inteligencia para la formacion especializada de miembros del :
_bEjercito de Repùblica Dominicana, en el G-2, en el periodo 2023-2025 /
_cIgnacio Emir Mercedes Valera, Alejandro Benjamín Rosario Payamps; asesor metodológico José Eliseo Méndez Medina; asesor de contenido Santo Domingo Guerrero Clase.
260 _aSanto Domingo, República Dominicana :
_bUNADE,
_c2025
300 _axiv, 67 páginas :
_bIlustraciones y gráficas
502 _aTesis y trabajo de grado (Especialidad en Comando y Estado Mayor para las Fuerzas Terrestres) -- Universidad Nacional para la Defensa "General Juan Pablo Duarte y Díez", Escuela de Graduados de Estudios Militares del Ejercito de República Dominicana, Santo Domingo, 2025.
504 _aIncluye referencias bibliográficas, apéndice y anexos.
505 _aOrigen y evolución histórica de la inteligencia y las Escuelas de Formación Especializadas en Inteligencia en las Fuerzas Armadas de Repúblicas Dominicana --Principales necesidades de la propuesta para la creación de una Escuela de Inteligencia para la Formación Especializada de Miembros del Ejercito en el G-2 --Diseño de la creación de la Escuela de Inteligencia para la Formación Especializada de Miembros del Ejercito, que responda a las demandas de la sociedad Dominicana.
520 _aEn esta investigación se presenta la propuesta para la creación de la Escuela de Inteligencia para la formación especializada de miembros del Ejercito de República Dominicana, en el G-2, en el periodo 2023-2025. El resultado de esta investigación, la cual se llevo a cabo con la finalidad de presentar la relevancia de que el Ejército posea una escuela de inteligencia con la formación especializada, que cumpla con los estándares de capacitación y que garantice una carrera dentro de la institución. Metodológicamente la investigación científica se realizo sujeta a un diseño no experimental de corte transversal, en virtud de que, para desarrollar otro tipo de diseño metodológico, conllevaría a disponer de un plazo de tiempo mas prolongado que esperaría el cronograma de trabajo asignado para concluir dicho proyecto de investigación. Los resultados traen al traste, de que el Ejercito de República Dominicana para llevar a cabo la planificación y por ende la estructuración y ejecución de las operaciones, necesita de la información la que contribuye de una manera puntual al cumplimiento de misión institucional, creando la necesidad de que el área de inteligencia este sustentado en cimientos fundamentados en la doctrina, permitiendo desarrollar un recurso humano profesionalizado. En otro orden, se identifican las debilidades que afectan directamente a los procesos de recolección de datos, análisis y producción de inteligencia, como la selección de un personal calificado para ser capacitado, que sea correctamente remunerado, con la intención y el compromiso institucional de capacitarse para hacer carrera en el área de inteligencia.
700 1 _aRosario Payamps, Alejandro Benjamin
_esustentante
700 1 _aMéndez Medina, José Eliseo
_easesor metodológico
700 1 _aGuerrero Clase, Santo Domingo
_easesor de contenido
942 _2CL
_cT
999 _c8676
_d8676